[Event "39th TCh-GRE"]
[Site "Eretria GRE"]
[Date "2011.07.05"]
[Round "4.5"]
[White "Kazakos, Emmanouil"]
[Black "Kosmas-Lekkas, Dimitiros"]
[Result "1/2-1/2"]
[WhiteElo "2105"]
[BlackElo "2193"]
[WhiteTeam "AO Kydon Chania"]
[BlackTeam "AEK"]
[WhiteFideId "4216555"]
[BlackFideId "4211936"]
[EventDate "2011.07.03"]

1. e4 c5 2. Nf3 Nc6 3. Bb5 Nf6 4. Qe2 g6 5. O-O Bg7 6. c3 O-O 7. Rd1 d6 8. h3 e5
9. Bxc6 bxc6 10. d4 exd4 11. cxd4 cxd4 12. Nxd4 Qb6 13. Nc3 Re8 14. Nb3 Ba6 15.
Qc2 c5 16. Bg5 Bb7 17. Nd2 Qa6 18. Re1 h6 19. Bh4 Nh5 20. Ne2 g5 21. Bg3 d5 22.
Bh2 dxe4 23. Nc3 Qd3 24. Qb3 e3 25. fxe3 Bxg2 26. Kxg2 Qxd2+ 27. Re2 Qd7 28. Rf1
Re6 29. Ref2 Rf8 30. Nd5 g4 31. hxg4 Rg6 32. Kh1 Rxg4 33. Rg1 Rxg1+ 34. Kxg1 Kh8
35. Rg2 Qf5 36. Bc7 Re8 37. Qb5 Re4 38. Qd3 c4 39. Qd1 Rh4 40. Ne7 Qd3 41. Qxd3
cxd3 42. Nf5 Rc4 43. Ba5 Rc5 44. Nxg7 Rxa5 45. Nxh5 Rxh5 46. Rd2 Rd5 47. b4 a5
48. bxa5 Rxa5 49. Kf2 Kg7 50. Rxd3 Rxa2+ 51. Kf3 Ra4 52. Rd6 f6 53. e4 Ra5 54.
Kg4 Rg5+ 55. Kh4 Kf7 56. Ra6 Rg1 57. Kh5 Rg5+ 58. Kxh6 Rg4 59. Kh5 Rxe4 60. Rb6
Ra4 1/2-1/2

[Event "39th TCh-GRE"]
[Site "Eretria GRE"]
[Date "2011.07.05"]
[Round "4.6"]
[White "Kempinski, Robert"]
[Black "Kryvoruchko, Yuriy"]
[Result "1/2-1/2"]
[WhiteTitle "GM"]
[BlackTitle "GM"]
[WhiteElo "2600"]
[BlackElo "2652"]
[WhiteTeam "E.O.A.O. Fysiolatris Nikaia"]
[BlackTeam "Chania Chess Academy"]
[WhiteFideId "1105663"]
[BlackFideId "14109182"]
[EventDate "2011.07.03"]

1. d4 Nf6 2. Nf3 e6 3. c4 d5 4. Bg5 h6 5. Bxf6 Qxf6 6. Nc3 Bb4 7. Qb3 c5 8. cxd5
exd5 9. dxc5 Bxc3+ 10. Qxc3 Qxc3+ 11. bxc3 Na6 12. Rd1 Be6 13. e4 dxe4 14. Bxa6
bxa6 15. Nd4 Rc8 16. Nxe6 fxe6 17. Rd6 O-O 18. Rxe6 Rxc5 19. Rxe4 Rxc3 20. O-O
Rc2 21. Ra4 Rf6 22. g4 Rb6 23. Kg2 Rbb2 24. a3 Rb6 25. Rf4 Rbc6 26. Rd1 R2c4 27.
Rd8+ Kh7 28. Rdd4 Rxd4 29. Rxd4 Rc5 30. a4 a5 31. Kg3 h5 32. gxh5 Kh6 33. Rg4
Kxh5 34. Rxg7 Rc4 35. Rh7+ Kg5 36. f4+ Kf6 37. Rxa7 Rxa4 38. Kg4 Ra1 39. Ra6+
Ke7 40. Kg5 Rg1+ 41. Kf5 Rh1 42. Ra7+ Kf8 43. Kf6 Kg8 44. Rg7+ Kh8 45. Rg2 Rb1
46. f5 Rb6+ 47. Kf7 Rb7+ 48. Ke6 Rb6+ 49. Ke7 Rb7+ 50. Kd6 Rb6+ 51. Kc5 Rf6 52.
Rf2 Kg7 53. Kb5 Rh6 54. Kxa5 Kf6 55. Kb5 Rh5 56. Kc5 Rxf5+ 57. Rxf5+ Kxf5 58.
Kd5 1/2-1/2

[Event "39th TCh-GRE"]
[Site "Eretria GRE"]
[Date "2011.07.05"]
[Round "4.6"]
[White "Tsarouhas, Konstantinos"]
[Black "Georgiadis, Ioannis"]
[Result "0-1"]
[BlackTitle "IM"]
[WhiteElo "2207"]
[BlackElo "2464"]
[WhiteTeam "Chania Chess Academy"]
[BlackTeam "E.O.A.O. Fysiolatris Nikaia"]
[WhiteFideId "4201094"]
[BlackFideId "4208900"]
[EventDate "2011.07.03"]

1. c4 e6 2. Nc3 Bb4 3. e4 Ne7 4. d4 d5 5. Bd3 c5 6. a3 cxd4 7. axb4 dxc3 8. bxc3
dxc4 9. Bxc4 Qc7 10. Qb3 O-O 11. Nf3 Nd7 12. O-O Nb6 13. Be2 e5 14. c4 Be6 15.
Be3 Rfc8 16. Rfc1 Nxc4 17. Ng5 Nxe3 18. Rxc7 Bxb3 19. Rxe7 Nc2 20. Rb1 Nd4 21.
Bg4 Rc6 22. f4 exf4 23. Rd7 Be6 24. Nxe6 Nxe6 25. Rxb7 Rb6 26. Rd7 Nf8 27. Rd4
Rab8 28. Be2 Ne6 29. Rc4 g6 30. e5 h5 31. h4 Kg7 32. Re4 Rd8 33. Ra1 Rd4 34.
Rxd4 Nxd4 35. Bf1 Rxb4 36. Rxa7 Nc6 37. Rc7 Nxe5 38. Be2 Ng4 39. Rc1 Rd4 40. Kf1
Ne3+ 41. Kf2 Nf5 42. Rc7 Rd2 43. Ke1 Rb2 44. Bc4 Nxh4 45. Rxf7+ Kh6 46. Bd5
Nxg2+ 47. Bxg2 Rxg2 48. Rxf4 Kg5 49. Ra4 h4 50. Kf1 h3 51. Rb4 Rg4 52. Rb5+ Kh4
53. Rb8 Rf4+ 54. Kg1 Kg3 55. Rb1 g5 56. Kh1 g4 57. Rb3+ Kh4 58. Rb1 g3 59. Ra1
h2 0-1

[Event "39th TCh-GRE"]
[Site "Eretria GRE"]
[Date "2011.07.05"]
[Round "4.6"]
[White "Videnova, Iva"]
[Black "Themeli, Dimitra"]
[Result "1-0"]
[WhiteTitle "WGM"]
[WhiteElo "2353"]
[BlackElo "1684"]
[WhiteTeam "Chania Chess Academy"]
[BlackTeam "E.O.A.O. Fysiolatris Nikaia"]
[WhiteFideId "2907763"]
[BlackFideId "4227689"]
[EventDate "2011.07.03"]

1. e4 d5 2. exd5 Qxd5 3. Nc3 Qd6 4. d4 Nf6 5. Nf3 a6 6. g3 Bg4 7. Bg2 Nc6 8. O-O
O-O-O 9. d5 Ne5 10. Bf4 Nxf3+ 11. Bxf3 Bxf3 12. Qxf3 e5 13. dxe6 Qxe6 14. Bg5
Be7 15. Rfe1 Qd6 16. Bf4 Qc5 17. b4 Qd4 18. Rxe7 Nd5 19. Be5 Qc4 20. Nxd5 Rxd5
21. Rxc7+ 1-0

[Event "39th TCh-GRE"]
[Site "Eretria GRE"]
[Date "2011.07.05"]
[Round "4.6"]
[White "Hristodoulaki, Antonia"]
[Black "Tsarouha, Marianthi"]
[Result "1/2-1/2"]
[WhiteElo "1921"]
[BlackElo "1799"]
[WhiteTeam "E.O.A.O. Fysiolatris Nikaia"]
[BlackTeam "Chania Chess Academy"]
[WhiteFideId "4214935"]
[BlackFideId "4223322"]
[EventDate "2011.07.03"]

1. e4 c5 2. Nf3 e6 3. d4 cxd4 4. Nxd4 Nf6 5. Nc3 d6 6. Bd3 a6 7. O-O b5 8. Qe2
Bb7 9. Bd2 Nbd7 10. a4 b4 11. Na2 a5 12. Kh1 Be7 13. f4 O-O 14. Nb3 Qc7 15. c3
Nc5 16. Nxc5 dxc5 17. e5 Nd5 18. c4 Nb6 19. b3 Rad8 20. Bc2 g6 21. Rae1 Rfe8 22.
Nc1 Nc8 23. Nd3 Na7 24. Be3 Rd7 25. Bg1 Bf8 26. h3 Qc6 27. Kh2 Red8 28. Rd1 Nc8
29. h4 h5 30. Be3 Be7 31. Kh3 Kg7 32. Qf2 Rc7 33. Ne1 Ba8 34. Rxd8 Bxd8 35. Nd3
Be7 36. Rd1 Nb6 37. Rd2 Nd7 38. Nc1 f6 39. Nd3 f5 40. Ne1 Nb8 41. Nd3 Bb7 42.
Bd1 Qb6 43. Ne1 Kf7 44. Qg3 Be4 45. Nf3 Bb7 46. Qf2 Kg7 47. Ng5 Bf3 48. Qxf3 Qb7
49. Qxb7 Rxb7 50. Kg3 1/2-1/2

[Event "39th TCh-GRE"]
[Site "Eretria GRE"]
[Date "2011.07.05"]
[Round "4.6"]
[White "Agnanti, Danai"]
[Black "Drakaki, Anna-Maria"]
[Result "0-1"]
[WhiteElo "1741"]
[BlackElo "1742"]
[WhiteTeam "Chania Chess Academy"]
[BlackTeam "E.O.A.O. Fysiolatris Nikaia"]
[WhiteFideId "4231147"]
[BlackFideId "4225210"]
[EventDate "2011.07.03"]

1. e4 c5 2. Nf3 Nc6 3. d4 cxd4 4. Nxd4 g6 5. Nc3 Bg7 6. Be3 Nf6 7. f3 O-O 8. Qd2
d5 9. Nxc6 bxc6 10. O-O-O Qa5 11. e5 Nd7 12. f4 e6 13. h4 c5 14. Bf2 d4 15. Nb1
Qxa2 16. Qd3 Rb8 17. Qa3 Qxa3 18. Nxa3 f6 19. exf6 Nxf6 20. Bd3 Bb7 21. Rhg1 Ng4
22. Rdf1 Rxf4 23. Bg3 Rxf1+ 24. Rxf1 Rf8 25. Bd6 Rxf1+ 26. Bxf1 Ne3 27. Be2 Bf8
28. Bxf8 Kxf8 29. g3 Nf5 30. Bc4 Ke7 31. Nb5 Nxg3 32. Nxa7 Nf5 33. h5 gxh5 34.
Kd2 h4 35. Bf1 Ng3 36. Bh3 Ne4+ 0-1

[Event "39th TCh-GRE"]
[Site "Eretria GRE"]
[Date "2011.07.05"]
[Round "4.6"]
[White "Kaforos, Dimitrios-Alkis"]
[Black "Naoum, Spyridon"]
[Result "1/2-1/2"]
[WhiteElo "2193"]
[BlackElo "1999"]
[WhiteTeam "E.O.A.O. Fysiolatris Nikaia"]
[BlackTeam "Chania Chess Academy"]
[WhiteFideId "4214358"]
[BlackFideId "4227506"]
[EventDate "2011.07.03"]

1. e4 c5 2. Nf3 e6 3. d4 cxd4 4. Nxd4 a6 5. Nc3 Qc7 6. Bd3 Bc5 7. Nb3 Ba7 8. Qg4
g6 9. Qe2 Ne7 10. Be3 Nbc6 11. O-O b5 12. Bxa7 Rxa7 13. Bxb5 axb5 14. Nxb5 Qb6
15. Nxa7 Qxa7 16. Rfd1 O-O 17. Qd2 f5 18. exf5 Rxf5 19. Nd4 Nxd4 20. Qxd4 Qa8
21. Rd3 Nd5 22. f3 Bb7 23. Re1 Nf4 24. Ra3 Qd8 25. Qd2 Qh4 26. Rf1 Rg5 27. g3 1/2-1/2

[Event "39th TCh-GRE"]
[Site "Eretria GRE"]
[Date "2011.07.05"]
[Round "4.6"]
[White "Papadopoulos, Argirios"]
[Black "Papadopoulos, Asterios"]
[Result "1/2-1/2"]
[WhiteElo "1745"]
[BlackElo "1578"]
[WhiteTeam "Chania Chess Academy"]
[BlackTeam "E.O.A.O. Fysiolatris Nikaia"]
[WhiteFideId "4241509"]
[BlackFideId "4227875"]
[EventDate "2011.07.03"]

1. e4 e5 2. Nf3 Nc6 3. Bb5 a6 4. Ba4 Nf6 5. Qe2 d6 6. c3 b5 7. Bc2 Be7 8. O-O
O-O 9. a4 b4 10. Rd1 Bg4 11. d3 Rb8 12. Nbd2 d5 13. Nb3 d4 14. cxd4 Bxf3 15.
Qxf3 Nxd4 16. Nxd4 Qxd4 17. Bb3 c5 18. Qe2 Qd6 19. Be3 Nd7 20. Rac1 Rbc8 21. Bc4
a5 22. b3 Kh8 23. Rf1 Qg6 24. f4 f5 25. Bd5 fxe4 26. Bxe4 Qd6 27. Qh5 g6 28. Qh6
exf4 29. Bxf4 Qd4+ 30. Be3 Qg7 31. Qh3 Rxf1+ 32. Rxf1 1/2-1/2

[Event "39th TCh-GRE"]
[Site "Eretria GRE"]
[Date "2011.07.05"]
[Round "4.7"]
[White "Rapport, Richard"]
[Black "Jianu, Vlad-Cristian"]
[Result "1-0"]
[WhiteTitle "GM"]
[BlackTitle "GM"]
[WhiteElo "2545"]
[BlackElo "2518"]
[WhiteTeam "Panionios G.S.S. 2210"]
[BlackTeam "Polichni CC"]
[WhiteFideId "738590"]
[BlackFideId "1208110"]
[EventDate "2011.07.03"]

1. d4 Nf6 2. c4 e6 3. Nc3 Bb4 4. e3 O-O 5. Ne2 d5 6. a3 Bd6 7. c5 Be7 8. Ng3 b6
9. b4 a5 10. Bd2 e5 11. Bb5 c6 12. Be2 Nbd7 13. O-O Re8 14. Qc2 Bf8 15. Na4 axb4
16. axb4 bxc5 17. Nxc5 Rxa1 18. Rxa1 Nxc5 19. bxc5 g6 20. Bc3 h5 21. dxe5 Ng4
22. Ra8 Qe7 23. Bxg4 Bxg4 24. Rxe8 Qxe8 25. h3 h4 26. Ne4 dxe4 27. hxg4 Qe6 28.
Qxe4 Bxc5 29. Kh2 Be7 30. Qa4 Qd5 31. Qd4 Qe6 32. Kh3 Qa2 33. e6 f6 34. Qd7 Qxf2
35. Qe8+ Kh7 36. Qxe7+ Kh6 37. g5+ Kxg5 38. Qd6 Qxe3+ 39. g3 Qxc3 40. Qf4+ Kh5
41. Qxh4# 1-0

[Event "39th TCh-GRE"]
[Site "Eretria GRE"]
[Date "2011.07.05"]
[Round "4.7"]
[White "Theofilopoulos, Aris"]
[Black "Prohaszka, Peter2"]
[Result "0-1"]
[BlackTitle "GM"]
[WhiteElo "2205"]
[BlackElo "2547"]
[WhiteTeam "Polichni CC"]
[BlackTeam "Panionios G.S.S. 2210"]
[WhiteFideId "4201825"]
[BlackFideId "726265"]
[EventDate "2011.07.03"]

1. e4 c6 2. d4 d5 3. Nc3 dxe4 4. Nxe4 Bf5 5. Ng3 Bg6 6. h4 h6 7. Nf3 Nd7 8. h5
Bh7 9. Bd3 Bxd3 10. Qxd3 e6 11. Bf4 Qa5+ 12. Bd2 Bb4 13. c3 Be7 14. c4 Qc7 15.
O-O-O Ngf6 16. Kb1 O-O 17. Ne4 Ng4 18. Qe2 Rad8 19. Bc3 Rfe8 20. Nfd2 f5 21. f3
Ngf6 22. Nf2 Bf8 23. Nd3 a5 24. Nb3 b6 25. g4 a4 26. Nbc1 a3 27. b3 b5 28. Rdg1
bxc4 29. bxc4 fxg4 30. fxg4 c5 31. dxc5 Qb7+ 32. Nb3 Ne4 33. Kc2 Nxc3 34. Kxc3
e5 35. Rb1 e4 36. Nf4 Qc7 37. Nd5 Qe5+ 38. Kc2 Nxc5 39. Nxc5 Bxc5 40. Rb3 Rf8
41. Rh2 Rf3 0-1

[Event "39th TCh-GRE"]
[Site "Eretria GRE"]
[Date "2011.07.05"]
[Round "4.7"]
[White "Xylogiannopoulos, Antonios"]
[Black "Kakousatze, Ilias"]
[Result "1-0"]
[WhiteElo "2104"]
[BlackElo "2060"]
[WhiteTeam "Panionios G.S.S. 2210"]
[BlackTeam "Polichni CC"]
[WhiteFideId "4215133"]
[BlackFideId "4209532"]
[EventDate "2011.07.03"]

1. e4 d5 2. exd5 Nf6 3. d4 Bg4 4. Be2 Bxe2 5. Qxe2 Qxd5 6. Nf3 Nc6 7. O-O O-O-O
8. c3 e5 9. Nxe5 Nxe5 10. dxe5 Ne4 11. Re1 Qxe5 12. Nd2 f5 13. Nxe4 Qxe4 14.
Qxe4 fxe4 15. Bf4 Bd6 16. Bg5 Rde8 17. Re2 Re5 18. Bf4 Re6 19. Be3 Rhe8 20. Rae1
Kd7 21. Bd4 g6 22. g3 a6 23. c4 Kc6 24. f3 Bc5 25. Bxc5 Kxc5 26. fxe4 Kxc4 27.
Rc2+ Kd3 28. Rxc7 R8e7 29. Rd1+ Kxe4 30. Re1+ 1-0

[Event "39th TCh-GRE"]
[Site "Eretria GRE"]
[Date "2011.07.05"]
[Round "4.7"]
[White "Barbageorgopoulou, Despina"]
[Black "Stoumbou, Eleni"]
[Result "0-1"]
[WhiteElo "1752"]
[BlackElo "1873"]
[WhiteTeam "Polichni CC"]
[BlackTeam "Panionios G.S.S. 2210"]
[WhiteFideId "4216180"]
[BlackFideId "4210174"]
[EventDate "2011.07.03"]

1. d4 d5 2. c4 e6 3. Nf3 c6 4. e3 Nf6 5. Bd3 dxc4 6. Bxc4 Nbd7 7. O-O Bd6 8. Nc3
O-O 9. e4 e5 10. Bg5 Qc7 11. Bb3 exd4 12. Bxf6 Nxf6 13. Qxd4 Ng4 14. h3 Nh2 15.
Nxh2 Bxh2+ 16. Kh1 Be5 17. Qe3 Be6 18. Bxe6 fxe6 19. Rad1 Qb6 20. Qe2 Qc5 21.
Rd3 Rad8 22. Rxd8 Rxd8 23. Qg4 Qc4 24. Rd1 Rxd1+ 25. Qxd1 Bxc3 26. bxc3 Qxc3 27.
Qd8+ Kf7 28. Qd7+ Kf6 29. Qd8+ Ke5 30. Qc7+ Kxe4 31. f3+ Ke3 32. Qxb7 a5 33.
Qb6+ Kd2 34. Qd8+ Kc1 35. Qg5+ Kb2 36. Qg4 Kxa2 37. Qxe6+ Ka1 38. Qe4 h6 39.
Qa4+ Kb2 40. Kg1 c5 41. Qb5+ Ka3 42. Kh2 a4 43. Qb1 c4 44. f4 Qb2 45. Qg6 c3 46.
Qg3 Ka2 0-1

[Event "39th TCh-GRE"]
[Site "Eretria GRE"]
[Date "2011.07.05"]
[Round "4.7"]
[White "Terzidaki, Alexandra"]
[Black "Barbageorgopoulou, Fani"]
[Result "1-0"]
[WhiteElo "1938"]
[BlackElo "1851"]
[WhiteTeam "Panionios G.S.S. 2210"]
[BlackTeam "Polichni CC"]
[WhiteFideId "4227476"]
[BlackFideId "4220838"]
[EventDate "2011.07.03"]

1. e4 c6 2. d4 d5 3. f3 dxe4 4. fxe4 e5 5. Nf3 Be6 6. Be3 Nf6 7. Nc3 Bb4 8. Qd3
Nbd7 9. a3 exd4 10. Bxd4 Bc5 11. O-O-O b5 12. e5 Nd5 13. Ne4 Be7 14. Nd6+ Bxd6
15. exd6 O-O 16. h4 Qa5 17. Ng5 N7f6 18. Nxe6 fxe6 19. g3 b4 20. Bh3 bxa3 21.
Bxe6+ Kh8 22. Qxa3 Qxa3 23. bxa3 Ne4 24. c4 Ndf6 25. Rhe1 Nxg3 26. d7 Nge4 27.
Bxa7 Nc3 28. Rd3 Na4 29. Bd4 Rad8 30. Bg1 h6 31. Kc2 Ra8 32. Rd6 Rfd8 33. Red1
Ra6 34. Bf5 Kg8 35. Re1 Kf7 36. h5 Nb6 37. Bg6+ Kf8 38. Rxf6+ 1-0

[Event "39th TCh-GRE"]
[Site "Eretria GRE"]
[Date "2011.07.05"]
[Round "4.7"]
[White "Avramidou, Anastasia"]
[Black "Poulopoulou, Ekaterini"]
[Result "1-0"]
[WhiteElo "1668"]
[BlackElo "1450"]
[WhiteTeam "Polichni CC"]
[BlackTeam "Panionios G.S.S. 2210"]
[WhiteFideId "4239873"]
[BlackFideId "4244206"]
[EventDate "2011.07.03"]

1. Nf3 d5 2. d4 Nf6 3. Bf4 c5 4. e3 Nc6 5. c3 Qb6 6. Qc1 g6 7. Bd3 c4 8. Bc2 Bg7
9. Nbd2 O-O 10. O-O Nh5 11. Bg3 Nxg3 12. hxg3 Bg4 13. Kh2 h6 14. Rh1 Rad8 15.
Kg1 Ra8 16. Kh2 Rad8 17. Kg1 Kh7 18. Rh4 Bc8 19. e4 e6 20. e5 Rh8 21. Bb1 Kg8
22. Qc2 Qc7 23. g4 b5 24. Nf1 b4 25. N3d2 a5 26. f4 Qa7 27. Nf3 a4 28. Ng3 b3
29. Qf2 Ne7 30. axb3 cxb3 31. Ne1 Qd7 32. Nd3 Qb5 33. Nc5 Bd7 34. Bd3 Qb6 35.
Nxd7 Rxd7 36. Rxa4 Rb7 37. Ra8+ Rb8 38. Rxb8+ Qxb8 39. f5 exf5 40. gxf5 Bf8 41.
fxg6 fxg6 42. Qf6 Qe8 43. Rg4 Kh7 44. e6 Rg8 45. Qf7+ Qxf7 46. exf7 Rg7 47. Rf4
Nc6 48. Nh5 1-0

[Event "39th TCh-GRE"]
[Site "Eretria GRE"]
[Date "2011.07.05"]
[Round "4.7"]
[White "Poulidis, Stefanos"]
[Black "Gouloutis, Nikolaos"]
[Result "1-0"]
[WhiteElo "1914"]
[BlackElo "1758"]
[WhiteTeam "Panionios G.S.S. 2210"]
[BlackTeam "Polichni CC"]
[WhiteFideId "4234448"]
[BlackFideId "4224256"]
[EventDate "2011.07.03"]

1. e4 e6 2. d4 d5 3. Nc3 Nf6 4. Bg5 dxe4 5. Nxe4 Be7 6. Bxf6 Bxf6 7. Nf3 O-O 8.
c3 Nd7 9. Bd3 b6 10. O-O Bb7 11. Re1 Rc8 12. Qa4 a6 13. Qc2 g6 14. Qe2 Ra8 15.
Nxf6+ Nxf6 16. Rad1 Qd6 17. Ne5 Rfd8 18. Bc4 b5 19. Bb3 Nd5 20. Qg4 Rf8 21. Qh4
Rad8 22. Rd3 Qe7 23. Qh6 Qf6 24. Bxd5 Bxd5 25. Rh3 Qg7 26. Qh4 f5 27. Nd3 Rd6
28. a3 Be4 29. Nc5 Bd5 30. Rhe3 Qf6 31. Qxf6 Rxf6 32. a4 Kf7 33. axb5 axb5 34.
Ra1 Ke7 35. Ra7 Rc6 36. Nd3 Kd6 37. Rh3 h5 38. Ne5 Rb6 39. Rg3 Bb7 40. Rxg6 Rxg6
41. Nxg6 c5 42. h4 cxd4 43. cxd4 Kd5 44. Nf4+ Kxd4 45. Nxh5 e5 46. Ng7 f4 47. h5
Kc4 48. f3 e4 49. h6 Rxh6 50. Rxb7 e3 51. Re7 Kd3 52. Nf5 Rf6 53. Rd7+ Kc2 54.
Nd4+ Kxb2 55. Nxb5 Rc6 56. Re7 Rc1+ 57. Kh2 Rc2 58. Nd4 Rc4 59. Re4 Kc3 60. Ne2+ 1-0

[Event "39th TCh-GRE"]
[Site "Eretria GRE"]
[Date "2011.07.05"]
[Round "4.8"]
[White "Zubarev, Alexander1"]
[Black "Karagiannis, Athanasios"]
[Result "1-0"]
[WhiteTitle "GM"]
[BlackTitle "IM"]
[WhiteElo "2597"]
[BlackElo "2340"]
[WhiteTeam "O.A.A. Heraklion"]
[BlackTeam "Aigaleo CC"]
[WhiteFideId "14104385"]
[BlackFideId "4201256"]
[EventDate "2011.07.03"]

1. e4 e5 2. Nf3 Nc6 3. Bb5 a6 4. Ba4 b5 5. Bb3 Na5 6. O-O Nxb3 7. axb3 d6 8. d4
exd4 9. Nxd4 Bb7 10. c4 b4 11. Bf4 Ne7 12. Nd2 c5 13. Nc2 Ng6 14. Bg3 h5 15. h3
h4 16. Bh2 Qf6 17. Ne3 Qxb2 18. Nd5 Bxd5 19. cxd5 Be7 20. Nc4 Qf6 21. e5 Nxe5
22. Bxe5 dxe5 23. d6 Rd8 24. Rxa6 Rh6 25. Qa1 Bxd6 26. Rd1 Qe7 27. Qa4+ Kf8 28.
Raxd6 Rhxd6 29. Nxd6 Kg8 30. Qc6 c4 31. bxc4 b3 32. c5 b2 33. Qb6 e4 34. Qxb2 e3
35. Re1 Qg5 36. Qd4 e2 37. Rxe2 1-0

[Event "39th TCh-GRE"]
[Site "Eretria GRE"]
[Date "2011.07.05"]
[Round "4.8"]
[White "Spirakopoulos, Ioannis"]
[Black "Ris, Robert"]
[Result "0-1"]
[BlackTitle "IM"]
[WhiteElo "2155"]
[BlackElo "2395"]
[WhiteTeam "Aigaleo CC"]
[BlackTeam "O.A.A. Heraklion"]
[WhiteFideId "4204123"]
[BlackFideId "1011480"]
[EventDate "2011.07.03"]

1. e4 e5 2. Nf3 Nc6 3. Bb5 a6 4. Ba4 d6 5. d4 b5 6. Bb3 Nxd4 7. Nxd4 exd4 8. a4
Bb7 9. axb5 axb5 10. Rxa8 Bxa8 11. Qd3 Qd7 12. Na3 c6 13. Qxd4 c5 14. Qd2 c4 15.
Qa5 Bc6 16. Ba2 Nf6 17. O-O Be7 18. b3 O-O 19. bxc4 Ra8 20. Qb6 Bd8 21. Qd4 b4
22. Rd1 Nxe4 23. c5 Nc3 24. Re1 Nxa2 25. Nc4 Nxc1 26. Rxc1 dxc5 27. Qxc5 Qd5 28.
Qxd5 Bxd5 29. Re1 Kf8 30. Ne5 Be6 0-1

[Event "39th TCh-GRE"]
[Site "Eretria GRE"]
[Date "2011.07.05"]
[Round "4.8"]
[White "Koutsogiannopoulou, Theodora"]
[Black "Sperdokli, Elli"]
[Result "0-1"]
[BlackTitle "WFM"]
[WhiteElo "1829"]
[BlackElo "2127"]
[WhiteTeam "Aigaleo CC"]
[BlackTeam "O.A.A. Heraklion"]
[WhiteFideId "4215265"]
[BlackFideId "4205456"]
[EventDate "2011.07.03"]

1. d4 f5 2. c4 Nf6 3. Nc3 d6 4. Nf3 g6 5. a3 Bg7 6. b4 O-O 7. Bb2 c6 8. e3 Qe8
9. c5 d5 10. Bd3 Nbd7 11. Qb3 Kh8 12. O-O Ne4 13. Bxe4 fxe4 14. Nd2 e5 15. Ne2
Qe7 16. a4 a6 17. Qc2 exd4 18. Nxd4 Ne5 19. N2b3 Nd3 20. Bc3 Bf5 21. b5 axb5 22.
axb5 Rxa1 23. Bxa1 Bd7 24. bxc6 Bxc6 25. Nxc6 bxc6 26. Bxg7+ Kxg7 27. Nd4 Qf6
28. Qc3 Kg8 29. Qc2 h5 30. h3 g5 31. Qe2 Qg6 32. Qc2 g4 33. hxg4 hxg4 34. Qa4
Rf6 35. Qa8+ Kh7 36. Qb8 Qf7 37. Qh2+ Kg7 38. Qg3 Qd7 39. Nb3 Rg6 40. Ra1 Qb7
41. Na5 Qb2 42. Qc7+ Kh6 43. Rf1 Qe5 44. Qd8 Qf6 45. Qb6 Ne5 46. Rd1 g3 47. fxg3
Qg5 48. Qb2 Qxe3+ 49. Kh1 Qxg3 50. Kg1 Nf3+ 51. Kf1 Nh2+ 52. Kg1 Nf3+ 53. Kf1
Ne5 54. Kg1 Rf6 55. Rc1 Nf3+ 56. Kf1 Ne5+ 57. Kg1 e3 58. Rf1 Rxf1+ 59. Kxf1 Qf4+
60. Kg1 d4 61. Qa2 Qf6 62. Qg8 e2 63. Qg3 e1=Q+ 64. Qxe1 d3 65. Qe3+ Qg5 66.
Qxg5+ Kxg5 67. Nb3 Kf4 68. Kf2 Ng4+ 69. Ke1 Ke3 70. Nd2 Kd4 71. Nb3+ Kc4 72.
Na5+ Kxc5 73. Kd2 Ne5 74. g4 Kb5 75. Nxc6 Kxc6 76. g5 Kd6 77. g6 Ke7 78. g7 Kf7
79. g8=Q+ Kxg8 80. Ke3 Kf7 81. Kd2 Ke6 82. Ke3 Kd5 83. Kd2 Kd4 0-1

[Event "39th TCh-GRE"]
[Site "Eretria GRE"]
[Date "2011.07.05"]
[Round "4.8"]
[White "Kolomvakis, Stelios"]
[Black "Liaskos, Leonidas"]
[Result "0-1"]
[WhiteElo "1752"]
[BlackElo "2107"]
[WhiteTeam "O.A.A. Heraklion"]
[BlackTeam "Aigaleo CC"]
[WhiteFideId "4217500"]
[BlackFideId "4211421"]
[EventDate "2011.07.03"]

1. d4 Nf6 2. c4 g6 3. Nc3 Bg7 4. e4 d6 5. f3 e5 6. Be3 exd4 7. Bxd4 Nc6 8. Be3
Be6 9. Qd2 O-O 10. Bd3 Ne5 11. b3 Nfd7 12. Bc2 Qh4+ 13. Bf2 Qf6 14. Nge2 Bh3 15.
f4 Bxg2 16. O-O-O Bxh1 17. Nd5 Qd8 18. Rxh1 Nc6 19. h4 Nf6 20. Ng3 Ne7 21. Ne3
Qd7 22. f5 Bh6 23. Qe2 gxf5 24. Nh5 Qe6 25. Nxf6+ Qxf6 26. Kb1 Bg7 27. Kc1 Qb2+
28. Kd2 Qc3+ 29. Kc1 Qb2+ 30. Kd2 Qc3+ 31. Kc1 fxe4 32. Rg1 Qb2+ 33. Kd2 Ng6 34.
Qg4 Qf6 35. Nf5 c5 36. h5 Rae8 37. Be3 Re5 38. Nxg7 Kxg7 39. hxg6 fxg6 40. Bxe4
Rfe8 41. Bd5 Rxd5+ 42. cxd5 Qb2+ 43. Kd3 Qxa2 44. Qc4 a6 45. Rc1 Re5 46. Rc2 Qb1
47. Kd2 b5 48. Qd3 Qh1 49. Kc3 Rxd5 50. Qe2 Re5 51. Qf2 Qa1+ 52. Rb2 b4+ 53. Kc2
Qh1 54. Kd2 Rd5+ 0-1

[Event "39th TCh-GRE"]
[Site "Eretria GRE"]
[Date "2011.07.05"]
[Round "4.8"]
[White "Kalofonos, Panayotis"]
[Black "Kelires, Andreas"]
[Result "0-1"]
[WhiteElo "1713"]
[BlackElo "1825"]
[WhiteTeam "Aigaleo CC"]
[BlackTeam "O.A.A. Heraklion"]
[WhiteFideId "4233824"]
[BlackFideId "5900727"]
[EventDate "2011.07.03"]

1. e4 c5 2. Nf3 d6 3. d4 cxd4 4. Nxd4 Nf6 5. Nc3 a6 6. Be3 e5 7. Nb3 Be6 8. f3
h5 9. Qd2 Nbd7 10. O-O-O Be7 11. Kb1 b5 12. Nd5 Bxd5 13. exd5 Nb6 14. Bxb6 Qxb6
15. Na5 Rc8 16. c4 bxc4 17. Nxc4 Qc5 18. Ne3 Qa7 19. Bc4 O-O 20. b3 Nd7 21. Qe2
Nc5 22. Nf5 Rfd8 23. Nxe7+ Qxe7 24. f4 e4 25. Qxh5 a5 26. a4 Rb8 27. Ka2 Qf6 28.
Qg5 Qc3 29. Rc1 Qd2+ 30. Ka3 Qb4+ 31. Ka2 Nxb3 32. Qxd8+ Rxd8 33. Bxb3 Rb8 34.
Rb1 Qd2+ 35. Rb2 Qxf4 36. g3 Qf3 37. Rhb1 Rb4 38. Ka1 f5 39. Ka2 g5 40. Ka1 Kf7
41. Ba2 Rxb2 42. Rxb2 Qd1+ 43. Bb1 Qxa4+ 44. Ba2 Qd4 45. Bb1 e3 0-1

[Event "39th TCh-GRE"]
[Site "Eretria GRE"]
[Date "2011.07.05"]
[Round "4.9"]
[White "Berg, Emanuel"]
[Black "Koukoufikis, Alexandros"]
[Result "1-0"]
[WhiteTitle "GM"]
[WhiteElo "2604"]
[BlackElo "2258"]
[WhiteTeam "Ptolemaida Ptolemaios CC"]
[BlackTeam "CC Ikaria J. Tzelepis"]
[WhiteFideId "1704060"]
[BlackFideId "4205499"]
[EventDate "2011.07.03"]

1. e4 g6 2. d4 Bg7 3. Nc3 d6 4. Be3 a6 5. Qd2 b5 6. h4 h6 7. O-O-O Bb7 8. Nh3
Nd7 9. f3 c6 10. Kb1 Qc7 11. Nf4 Ngf6 12. g4 Nb6 13. Qf2 b4 14. Nce2 Nc4 15. Bc1
Nd7 16. Ng3 Ndb6 17. Bxc4 Nxc4 18. Qe2 Nb6 19. h5 g5 20. Nf5 Bf8 21. e5 O-O-O
22. Nd3 Nd5 23. f4 c5 24. exd6 exd6 25. dxc5 dxc5 26. fxg5 c4 27. Nf4 Nc3+ 28.
bxc3 Bxh1 29. Rxh1 bxc3 30. Qf3 Bd6 31. Ne2 Qb6+ 32. Ka1 Be5 33. Ne7+ Kd7 34.
Qxf7 Rhf8 35. Rd1+ 1-0